Culture Générale - Série 508 - Statistiques

Statistiques générales
  • Ce quiz a été pris 169 fois
  • Le résultat moyen est 4 sur 10
Statistiques - réponses
Question Réponse % Correct
En France, quel haut fonctionnaire est le seul représentant direct du Premier ministre dans chaque département ? préfet
90%
Dans quel pays la ville de Tombouctou est-elle située ? Mali
78%
De quel fruit utilisé comme un condiment le pili-pili est-il une variété ? piment
66%
En 1951, qui incarne Topaze, le maître d'école naïf du film de Marcel Pagnol ? Fernandel
45%
Dans quelle chanson Charles Aznavour nous invite-t-il à "voir les musiciens, voir les magiciens qui arrivent" ? Les Comédiens
43%
En 1784, quelle pièce de Beaumarchais est la suite du "Barbier de Séville" ? Le Mariage de Figaro
35%
Dans quel livre peut-on lire la phrase : "On ne voit bien qu'avec le coeur, l'essentiel est invisible pour les yeux" ? Le Petit Prince
35%
Qu'est-ce que Claude-Michel Schönberg aimerait qu'elle fasse selon le titre de sa chanson de 1974 ? Le premier pas
16%
Qui chante "C'est facile" sur son album "Zig-Zag" sorti en 1972 ? Eddy Mitchell
9%
En 1991, où a lieu le bal selon les paroles de la chanson de Lagaf' "La Zoubida" ? A Barbès
7%
Aucun quiz correspondant
Distribution des résultats
% des personnes avec chaque résultat
Percentile par nombre de réponses
Votre historique - résultats
Vous n’avez pas pris ce quiz